Enter the go-between (Record no. 70113)

MARC details
000 -LEADER
fixed length control field 00957cam a2200217 4500
001 - CONTROL NUMBER
control field ABS65429
008 - FIXED-LENGTH DATA ELEMENTS--GENERAL INFORMATION
fixed length control field 020430n2002 000 0 eng u
035 ## - SYSTEM CONTROL NUMBER
System control number (Sirsi) u117748
100 ## - MAIN ENTRY--PERSONAL NAME
Personal name Osborne, H
245 ## - TITLE STATEMENT
Title Enter the go-between
260 ## - PUBLICATION, DISTRIBUTION, ETC.
Date of publication, distribution, etc. 2002
490 ## - SERIES STATEMENT
Series statement Estates Gazette
Volume/sequential designation (0216) 20 April 2002, 164-165(2)
520 ## - SUMMARY, ETC.
Summary, etc. Examines increased use of third-party specialists as go-betweens, as large corporates seek to distance themselves from political lobbying in case of planning applications. Compares opinions offered by companies supplying this service, with special regard to Nolan Report "Standards in public life", which recommends a complete ban on lobbying companies employing MPs to perform this function.
590 ## - LOCAL NOTE (RLIN)
Local note ABS
650 ## - SUBJECT ADDED ENTRY--TOPICAL TERM
Topical term or geographic name entry element NOLAN REPORT
650 ## - SUBJECT ADDED ENTRY--TOPICAL TERM
Topical term or geographic name entry element PLANNING APPLICATIONS
650 ## - SUBJECT ADDED ENTRY--TOPICAL TERM
Topical term or geographic name entry element LOBBYING
650 ## - SUBJECT ADDED ENTRY--TOPICAL TERM
Topical term or geographic name entry element THIRD PARTIES
690 ## - LOCAL SUBJECT ADDED ENTRY--TOPICAL TERM (OCLC, RLIN)
Topical term or geographic name as entry element ENVIRONMENTAL AND LAND CONSULTANCY-PLANNING AND DEVELOPMENT
942 ## - ADDED ENTRY ELEMENTS (KOHA)
Suppress in OPAC 0
Holdings
Withdrawn status Lost status Source of classification or shelving scheme Damaged status Not for loan Home library Current library Shelving location Date acquired Total Checkouts Full call number Barcode Date last seen Copy number Price effective from Koha item type
    Dewey Decimal Classification     London London Journal article 30/04/2002   ABS65429 117748-1001 06/08/2019 1 06/08/2019 Journal article